NRM 3 (Record no. 121286)

MARC details
000 -LEADER
fixed length control field 02013cam a22003375a 4500
001 - CONTROL NUMBER
control field 121286
008 - FIXED-LENGTH DATA ELEMENTS--GENERAL INFORMATION
fixed length control field 221228s2021 xxk f 001 0 eng d
020 ## - INTERNATIONAL STANDARD BOOK NUMBER
International Standard Book Number 9781783214266
041 0# - LANGUAGE CODE
Language code of text/sound track or separate title eng
050 04 - LIBRARY OF CONGRESS CALL NUMBER
Classification number 692.3095
110 2# - MAIN ENTRY--CORPORATE NAME
Corporate name or jurisdiction name as entry element Royal Institution of Chartered Surveyors
9 (RLIN) 4900
240 ## - UNIFORM TITLE
Uniform title NRM 3
245 00 - TITLE STATEMENT
Title NRM 3
Remainder of title New rules of measurement
-- order of cost estimating cost planning for building maintenance works
Medium [Electronic resource]
260 ## - PUBLICATION, DISTRIBUTION, ETC.
Place of publication, distribution, etc. London,
Name of publisher, distributor, etc. RICS,
Date of publication, distribution, etc. October 2021
300 ## - PHYSICAL DESCRIPTION
Extent 668p
350 ## - PRICE (NR) (BK AM CF MU VM SE) [OBSOLETE]
Price 45
490 #0 - SERIES STATEMENT
Series statement RICS Guidance Note
520 ## - SUMMARY, ETC.
Summary, etc. Gives guidance on the quantification and description of maintenance works for the purpose of preparing initial order of cost estimates. The rules also aid the procurement and cost control of maintenance works. Effective from 1 December 2021.
520 ## - SUMMARY, ETC.
Summary, etc. With NRM 3 we have linked the cost analysis of the capital cost of a construction project with consideration of whole-life-cycle costing, and provided the tools to enable a seamless transfer of cost information from the construction team to the asset management team. In this respect, the use of BIM increasingly plays a significant part in the analysis of cost information, and revisions in this edition acknowledge the move from PAS 1192 to ISO 19650.
520 ## - SUMMARY, ETC.
Summary, etc. Supersedes 1st edition, 2014 (ISBN )
521 ## - TARGET AUDIENCE NOTE
Target audience note Advanced
650 24 - SUBJECT ADDED ENTRY--TOPICAL TERM
Topical term or geographic name entry element RICS NEW RULES OF MEASUREMENT
650 24 - SUBJECT ADDED ENTRY--TOPICAL TERM
Topical term or geographic name entry element NEW RULES OF MEASUREMENT 3
651 #4 - SUBJECT ADDED ENTRY--GEOGRAPHIC NAME
Geographic name International
690 ## - LOCAL SUBJECT ADDED ENTRY--TOPICAL TERM (OCLC, RLIN)
Topical term or geographic name as entry element Cost management
9 (RLIN) 6233
690 ## - LOCAL SUBJECT ADDED ENTRY--TOPICAL TERM (OCLC, RLIN)
Topical term or geographic name as entry element Construction management
9 (RLIN) 6230
856 ## - ELECTRONIC LOCATION AND ACCESS
Uniform Resource Identifier <a href="https://www.rics.org/content/dam/ricsglobal/documents/standards/october_2021_nrm_3.pdf">https://www.rics.org/content/dam/ricsglobal/documents/standards/october_2021_nrm_3.pdf</a>
Public note Available on RICS.org
856 ## - ELECTRONIC LOCATION AND ACCESS
Uniform Resource Identifier <a href="https://www.rics.org/content/dam/ricsglobal/documents/standards/nrm_3_logic_and_levels_table.xlsx">https://www.rics.org/content/dam/ricsglobal/documents/standards/nrm_3_logic_and_levels_table.xlsx</a>
Public note Logic and level tables for NRM3
856 ## - ELECTRONIC LOCATION AND ACCESS
Uniform Resource Identifier <a href="https://www.rics.org/content/dam/ricsglobal/documents/standards/nrm_3_appendices_e_and_f.xls">https://www.rics.org/content/dam/ricsglobal/documents/standards/nrm_3_appendices_e_and_f.xls</a>
Public note Appendices E and F in Excel format for NRM3
942 ## - ADDED ENTRY ELEMENTS (KOHA)
Suppress in OPAC 0
Source of classification or shelving scheme Dewey Decimal Classification
Holdings
Withdrawn status Lost status Source of classification or shelving scheme Damaged status Not for loan Home library Current library Date acquired Total Checkouts Date last seen Price effective from Koha item type
    Dewey Decimal Classification     Virtual Virtual 28/12/2022   28/12/2022 28/12/2022 Online material